社会主義核心価値観 - Statistics

General Stats
  • This quiz has been taken 30 times
  • The average score is 4 of 12
Answer Stats
Answer % Correct
平等
72%
和諧
56%
民主
48%
自由
44%
文明
40%
愛国
40%
公正
32%
友善
28%
法治
24%
敬業
24%
富国
16%
誠信
12%
No matching quizzes found
Score Distribution
Percent of People with Each Score
Percentile by Number Answered
Your Score History
You have not taken this quiz